| 000 | 00557nam a22001697a 4500 | ||
|---|---|---|---|
| 999 |
_c61186 _d61186 |
||
| 005 | 20231229110607.0 | ||
| 008 | 231229s1972 rus||||| |||| 00| 0 rus d | ||
| 041 | _arus | ||
| 080 | _a902/904 Ч-45 | ||
| 100 |
_aЧерных, Е.Н. _920925 |
||
| 245 |
_aМеталл - человек - время / _cЕ.Н. Черных. |
||
| 264 |
_aМосква : _bНаука, _c1972. |
||
| 300 |
_a207 с.: _bил.; _c20 см. |
||
| 653 | _aმეტალი - ადამიანი - დრო | ||
| 653 | _aისტორია | ||
| 942 |
_2udc _cᲬᲘᲒᲜᲘ |
||